Nature et formes de la sympathie: contribution a l' etude des lois de la vie émotionnelle

Saved in:
Bibliografiske detaljer
Hovedforfatter: Scheler, Max (Author)
Format: Bog
Sprog:fransk
Udgivet: París Payot 1928
Serier:Bibliotheque Scientiphique
Fag:
Tags: Tilføj Tag
Ingen Tags, Vær først til at tagge denne postø!

MARC

LEADER 00000cam a2200000 a 4500
001 UCF8617
003 CL-VaPUC
008 130930e19280000fr |||||||||||||||||fre|d
082 0 4 |a 152.4  |b SCH  |2 21 
100 0 |a Scheler, Max  |e author  |9 311258 
245 1 0 |a Nature et formes de la sympathie: contribution a l' etude des lois de la vie émotionnelle 
300 |a 384 p 
942 |c BK 
945 |d 20130930 13:19:00  |a dcastane 
260 |a París  |b Payot  |c 1928 
650 0 |a Relaciones humanas  |9 307340 
650 0 |a Amistad  |9 307341 
650 7 |a SIMPATIA  |2 CL-VaPUC  |9 307342 
650 0 |a Sentimientos   |9 334266 
650 0 |a Emociones   |9 265224 
583 |a last modification  |c 20130930 13:19:00  |k Rodrigo Vera 
490 0 |a Bibliotheque Scientiphique 
999 |c 353184  |d 353182 
952 |0 0  |1 0  |3 erd  |4 0  |6 152_400000000000000_SCH_1928  |7 0  |8 P  |9 458262  |a BIBEDU  |b BIBEDU  |c BIBEDU_PB  |d 2019-11-23  |i 5002680  |o 152.4 SCH 1928  |p 5002680  |r 2024-01-25  |w 2019-11-23  |y BK  |z Catalogado en:20130930  |k PSI 
952 |0 0  |1 0  |3 erd  |4 0  |6 152_400000000000000_SCH_1928  |7 0  |8 X  |9 458263  |a FDOBUD  |b FDOBUD  |i 515099K  |o 152.4 SCH 1928  |p 515099K  |r 2019-11-23  |w 2019-11-23  |y BK_X  |z Catalogado en:20160807  |k BUD